| 000 | 01922nam a22003854a 4500 | ||
|---|---|---|---|
| 001 | ebr10215738 | ||
| 003 | CaPaEBR | ||
| 006 | m u | ||
| 007 | cr cn||||||||| | ||
| 008 | 051110s2006 nyua sb 000 0 eng | ||
| 010 | _z 2005031853 | ||
| 020 | _z9780195306071 (pbk. : alk. paper) | ||
| 020 | _z0195306074 (pbk. : alk. paper) | ||
| 040 |
_aCaPaEBR _cCaPaEBR |
||
| 035 | _a(OCoLC)320779686 | ||
| 050 | 1 | 4 |
_aRC1045.P78 _bH53 2006eb |
| 082 | 0 | 4 |
_a616.85/210076 _222 |
| 100 | 1 | _aHickling, Edward J. | |
| 245 | 1 | 0 |
_aOvercoming the trauma of your motor vehicle accident _h[electronic resource] : _ba cognitive-behavioral treatment program : workbook / _cEdward J. Hickling, Edward B. Blanchard. |
| 260 |
_aNew York : _bOxford University Press, _cc2006. |
||
| 300 |
_avi, 110 p. : _bill. |
||
| 490 | 1 | _aTreatments that work | |
| 504 | _aIncludes bibliographical references (p. 105-107). | ||
| 505 | 0 | _aIntroduction -- Overview of the program -- Pretreatment assessment -- Session 1 -- Session 2 -- Session 3 -- Session 4 -- Session 5 -- Session 6 -- Midtreatment reassessment -- Sessions 7 through 9 -- End-of-treatment reassessment -- Session 10 - termination session. | |
| 533 |
_aElectronic reproduction. _bPalo Alto, Calif. : _cebrary, _d2013. _nAvailable via World Wide Web. _nAccess may be limited to ebrary affiliated libraries. |
||
| 650 | 0 |
_aTraffic accident victims _xRehabilitation _vProblems, exercises, etc. |
|
| 650 | 0 |
_aPost-traumatic stress disorder _xTreatment _vProblems, exercises, etc. |
|
| 650 | 0 |
_aCognitive therapy _vProblems, exercises, etc. |
|
| 650 | 0 |
_aTraffic accidents _xPsychological aspects. |
|
| 655 | 7 |
_aElectronic books. _2local |
|
| 700 | 1 | _aBlanchard, Edward B. | |
| 710 | 2 | _aebrary, Inc. | |
| 830 | 0 | _aTreatments that work. | |
| 856 | 4 | 0 |
_uhttp://site.ebrary.com/lib/rucke/Doc?id=10215738 _zAn electronic book accessible through the World Wide Web; click to view |
| 999 |
_c128493 _d128493 |
||